Kursus Amalan Standard Penilaian 2/99 (23-26 Ogos 1999)

Bibliographic Details
Format: Book
Subjects:
Online Access:http://app.inspen.gov.my:7779/pls/portal/docs/PAGE/CORPORATEPAGES/PORTAL_INSPEN/NOTA_KURSUS/ASP/C.PDF

MARC

LEADER 00000cam a2200000 7i4500
001 0000007063
005 20071119.0
040 |a INS 
090 0 0 |a ASP 3 
245 0 0 |a Kursus Amalan Standard Penilaian 2/99 (23-26 Ogos 1999) 
500 |a Digital document is available on-line; Please click the URL below 
650 0 0 |a Valuation profession and standard 
650 0 0 |a Valuation standard 
856 |u http://app.inspen.gov.my:7779/pls/portal/docs/PAGE/CORPORATEPAGES/PORTAL_INSPEN/NOTA_KURSUS/ASP/C.PDF 
999 |a ASP0000003   |b BOOK   |c Course Notes   |e Default branch 
999 |a ASP0000006   |b BOOK   |c Course Notes   |e Default branch